<?xml version="1.0" encoding="UTF-8"?>
<record
    xmlns:xsi="http://www.w3.org/2001/XMLSchema-instance"
    xsi:schemaLocation="http://www.loc.gov/MARC21/slim http://www.loc.gov/standards/marcxml/schema/MARC21slim.xsd"
    xmlns="http://www.loc.gov/MARC21/slim">

  <leader>00570nam a22001457a 4500</leader>
  <datafield tag="999" ind1=" " ind2=" ">
    <subfield code="c">122147</subfield>
    <subfield code="d">122147</subfield>
  </datafield>
  <controlfield tag="005">20210429111224.0</controlfield>
  <controlfield tag="008">210429b           ||||| |||| 00| 0 eng d</controlfield>
  <datafield tag="040" ind1=" " ind2=" ">
    <subfield code="c">PK-LaUMT</subfield>
  </datafield>
  <datafield tag="082" ind1=" " ind2=" ">
    <subfield code="a">RHC 320.95491</subfield>
    <subfield code="b">KHA-S</subfield>
  </datafield>
  <datafield tag="100" ind1=" " ind2=" ">
    <subfield code="a">Khan, H B = &#x62E;&#x627;&#x646;&#x60C; &#x67E;&#x6CC; &#x627;&#x6CC;&#x686;</subfield>
  </datafield>
  <datafield tag="245" ind1=" " ind2=" ">
    <subfield code="a">Shuhda-i-balacoat k muqaddas khoon dar haqeeqat qararadad-i-Pakistan he = &#x634;&#x6C1;&#x62F;&#x627;&#x626;&#x6D2; &#x628;&#x627;&#x644;&#x627;&#x6A9;&#x648;&#x679; &#x6A9;&#x627; &#x645;&#x642;&#x62F;&#x633; &#x62E;&#x648;&#x646; &#x62F;&#x631; &#x62D;&#x642;&#x6CC;&#x642;&#x62A; &#x642;&#x631;&#x627;&#x631; &#x62F;&#x627;&#x62F; &#x67E;&#x627;&#x6A9;&#x633;&#x62A;&#x627;&#x646; &#x6C1;&#x6D2; /</subfield>
    <subfield code="c">by H B Khan = &#x627;&#x6CC;&#x686; &#x67E;&#x6CC; &#x62E;&#x627;&#x646;</subfield>
  </datafield>
  <datafield tag="260" ind1=" " ind2=" ">
    <subfield code="a">Karachi :</subfield>
    <subfield code="b">Al-Hamad Academy,</subfield>
    <subfield code="c">1999</subfield>
  </datafield>
  <datafield tag="300" ind1=" " ind2=" ">
    <subfield code="a">210 p.</subfield>
  </datafield>
  <datafield tag="942" ind1=" " ind2=" ">
    <subfield code="c">BK</subfield>
  </datafield>
  <datafield tag="952" ind1=" " ind2=" ">
    <subfield code="0">0</subfield>
    <subfield code="1">0</subfield>
    <subfield code="4">0</subfield>
    <subfield code="7">0</subfield>
    <subfield code="a">01</subfield>
    <subfield code="b">01</subfield>
    <subfield code="d">2021-04-29</subfield>
    <subfield code="l">0</subfield>
    <subfield code="o">RHC 320.95491 KHA-S</subfield>
    <subfield code="p">137146</subfield>
    <subfield code="r">2021-04-29 00:00:00</subfield>
    <subfield code="w">2021-04-29</subfield>
    <subfield code="y">BK</subfield>
  </datafield>
</record>
